| 000 | 02209nam a2200301 i 4500 | ||
|---|---|---|---|
| 003 | DO-SdBNP | ||
| 005 | 20250813134723.0 | ||
| 007 | ta | ||
| 008 | 250813b2023 dr ab||| |||| 000 0 spa d | ||
| 020 | _a9789945649703 | ||
| 040 |
_aDO-SdBNP _bspa _cBNPHU _erda |
||
| 041 | _aspa | ||
| 082 |
_axxx _bD542 _222 |
||
| 100 | 1 |
_aDíaz, Pablo _eautor _4aut. _987617 |
|
| 245 | 1 | 0 |
_aEscuela de sommelier Pablo Diaz : _bcurso taller Enológico / _cPablo Diaz |
| 246 | 1 | 3 |
_aEL Vino : _bexplicado fácil / |
| 264 | 4 |
_aSanto Domingo : _bAsociación Dominicana de Sommeliers, _c2023. |
|
| 300 |
_a220 Páginas : _bilustraciones, mapas _c28 cm. |
||
| 336 |
_atexto _btxt _2rdacontent |
||
| 337 |
_asin mediación _bn _2rdamedia |
||
| 338 |
_avolumen _bnc _2rdacarrier |
||
| 500 | _aDiplomado de Enología Sommeliers | ||
| 500 | _aFundada el 12 de agosto de 2001. | ||
| 520 | _aEres amante del vino pero te resulta complicado? Te presento El vino explicado fácil. Siempre se ha hablado de lo complicado que es interpretar las etiquetas de los vinos franceses, por solo citar un solo caso, aquí te lo explico de una manera fácil y simple, utilizando un método propio que no encontraras en ningún otro libro. No tengo dudas que después de leer El vino explicado facil te sentiras mas comodo y seguro, disfrutaras mas el vino, además de que enriquecerás tu nivel cultural, porque el vino no solo es placer para los sentidos, es un estilo de vida. ¿Qué encontrarás en este libro? Clasificación del vino, Cómo interpretar las etiquetas, Técnicas de cata (el CROS explicado paso a paso), Características organolépticas de las uvas más emblemáticas, Principales regiones vinícolas y sus vinos representativos, El cognac y otros brandies, Principales vinos fortificados, Método solera, Clasificación del vino, Cómo interpretar las etiquetas, Técnicas de cata (el CROS explicado paso a paso), Características organolépticas de las uvas más emblemáticas, Principales regiones vinícolas y sus vinos representativos. El cognac y otros brandies, Principales vinos fortificados Método solera ¡Y mucho más! | ||
| 590 | _aInventariado, 2025/ YL | ||
| 910 | _aYlockward | ||
| 942 |
_2ddc _cLBS1 |
||
| 999 |
_c59791 _d59791 |
||